Moldavsko - Kubu Európy, zachránia iba rozsiahle reformy
Ekonomická charakteristika Moldavska. Základné ekonomické údaje. Obchod Slovenska s Moldavskom. Obrat zahraničného obchodu medzi SR a Moldavskom. Možnosti trhu Moldavska.
Uložené v:
| Hlavný autor: | |
|---|---|
| Ďalší autori: | |
| Médium: | Kapitola |
| Jazyk: | Slovak |
| Predmet: | |
| Tagy: |
Žiadne tagy, Buďte prvý, kto otaguje tento záznam!
|
MARC
| LEADER | 00000naa$a2200000$$$4500 | ||
|---|---|---|---|
| 001 | 0002601 | ||
| 005 | 20230925123506.3 | ||
| 041 | 0 | |a slo | |
| 044 | |a SK | ||
| 245 | 1 | 0 | |a Moldavsko - Kubu Európy, zachránia iba rozsiahle reformy |c aut. Tomáš Kluge, Dana Pálková |
| 520 | |a Ekonomická charakteristika Moldavska. Základné ekonomické údaje. Obchod Slovenska s Moldavskom. Obrat zahraničného obchodu medzi SR a Moldavskom. Možnosti trhu Moldavska. | ||
| 610 | 2 | 0 | |a Moldavsko |
| 610 | 2 | 0 | |a situácia hospodárska |
| 610 | 2 | 0 | |a produkt domáci hrubý |
| 610 | 2 | 0 | |a vývoz |
| 610 | 2 | 0 | |a dovoz |
| 610 | 2 | 0 | |a obchod zahraničný |
| 610 | 2 | 0 | |a Slovensko |
| 100 | 1 | |a Kluge, Tomáš | |
| 700 | 1 | |a Pálková, Dana | |